000 00864cam a2200265 4500
001 J96496
008 090401t1999 xxu||||| |||| 00| 0 eng d
035 _a(Sirsi) u91140
041 _aeng
050 _a692.80212
110 _aUnited Kingdom
_bDepartment of the Environment, Transport and the Regions
_93507
245 _aPrice adjustment formulae for construction contracts : monthly bulletin of indices. - January - December 1999
260 _aLondon
_bStationery Office
_c1999
300 _a1 vol. ; 30cm.
350 _a110.00
650 _aBAXTER INDICES
650 _aBUILT ENVIRONMENT-BUILDING CONTRACT FORMS
650 _aNEDO INDICES
650 _aOSBORNE INDICES
650 _aPRICE ADJUSTMENT FORMULAE
650 _aPROPERTY SERVICES AGENCY
690 _aBUILT ENVIRONMENT-BUILDING CONTRACT FORMS
942 _n0
948 _c05/02/1999
999 _c97611
_d97611